| 000 | 00727nam a22002057a 4500 | ||
|---|---|---|---|
| 005 | 20251108165546.0 | ||
| 008 | 250721s1996 xx 000 0 ara d | ||
| 082 | 1 | 4 | _aم/332.03/علا |
| 100 | 1 | _aالعلاق، بشير عباس | |
| 245 | 1 | 0 |
_aالمعجم الشامل لمصطلحات العلوم الإدارية و المحاسبة و التمويل و المصارف : _bإنجليزي - عربي / |
| 264 | 1 |
_aبيروت : _bالدار العربية للموسوعات، _c1996. |
|
| 300 | _a614ص | ||
| 650 | 1 | 7 | _aالمالية |
| 650 | 1 | 7 | _aعلم المعاجم |
| 650 | 1 | 7 | _aالمحاسبة |
| 650 | 1 | 7 | _aالعلوم الإدارية |
| 650 | 1 | 7 | _aالبنوك |
| 942 |
_2ddc _cREF |
||
| 999 |
_c30774 _d30774 |
||